[Event "Velez Rapid op 10th"]
[Site "Velez Santander"]
[Date "2023.11.06"]
[Round "10"]
[White "Borges Matos, Juan R"]
[Black "Vivas Zamora, Fabian Ernesto"]
[Result "1/2-1/2"]
[WhiteElo "2407"]
[BlackElo "2375"]
[PlyCount "49"]
[EventDate "2023.11.06"]
[EventType "swiss (rapid)"]
[EventRounds "10"]
[EventCountry "COL"]
[SourceTitle "Mega2024 Update 01"]
[Source "Chessbase"]
[SourceDate "2023.11.12"]
[SourceVersion "1"]
[SourceVersionDate "2023.11.12"]
[SourceQuality "1"]

1. d4 Nf6 2. Nf3 d5 3. c4 c6 4. Qc2 dxc4 5. Qxc4 Bf5 6. g3 e6 7. Bg2 Be7 8. 0-0 0-0 9. Nc3 Nbd7 10. e3 Ne4 11. Nd2 Nxd2 12. Bxd2 e5 13. e4 Be6 14. d5 Nb6 15. Qb3 cxd5 16. exd5 Bg4 17. h3 Bh5 18. Rfe1 Bd6 19. Nb5 Re8 20. Rac1 Bg6 21. Nxd6 Qxd6 22. Bb4 Qd7 23. d6 Rac8 24. Bc5 e4 25. Bxb6 1/2-1/2

[Event "Velez op 10th"]
[Site "Velez Santander"]
[Date "2023.11.02"]
[Round "3"]
[White "Borges Matos, Juan R"]
[Black "Ayala Delgado, Sergio Alejandro"]
[Result "1-0"]
[WhiteElo "2407"]
[BlackElo "2066"]
[PlyCount "99"]
[EventDate "2023.11.01"]
[EventType "swiss"]
[EventRounds "10"]
[EventCountry "COL"]
[SourceTitle "Mega2024 Update 01"]
[Source "Chessbase"]
[SourceDate "2023.11.12"]
[SourceVersion "1"]
[SourceVersionDate "2023.11.12"]
[SourceQuality "1"]

1. c4 e5 2. Nc3 Nf6 3. Nf3 e4 4. Ng5 c6 5. Ngxe4 Nxe4 6. Nxe4 d5 7. cxd5 cxd5 8. Ng3 h5 9. e3 h4 10. Ne2 Nc6 11. Qa4 Bd6 12. d3 Qf6 13. Nc3 Be6 14. Bd2 Rd8 15. Be2 Qg6 16. Bf3 0-0 17. d4 h3 18. g3 Bg4 19. Bxg4 Qxg4 20. Qd1 Qf5 21. 0-0 Rfe8 22. f3 Qg6 23. Qb1 f5 24. Kh1 Bb4 25. Qd3 Bxc3 26. Bxc3 b5 27. Bd2 b4 28. Rac1 Re6 29. Rc5 Nb8 30. Rfc1 Qh5 31. Qf1 Kh7 32. Qf2 Ra6 33. Bxb4 Rxa2 34. Ba3 Rd6 35. Kg1 Ra6 36. R5c3 Nd7 37. Qe2 Ra4 38. Kf2 Nb6 39. Qc2 Qg5 40. Qb1 R2xa3 41. Rxa3 Rb4 42. g4 Qh4+ 43. Ke2 g6 44. Rxa7+ Kg8 45. Rc6 Qg5 46. Qc2 Qd8 47. Rxg6+ Kh8 48. Qxf5 Rxb2+ 49. Kf1 Rb1+ 50. Qxb1 1-0

[Event "Carlos Torre Memorial op 32nd"]
[Site "Merida"]
[Date "2022.12.18"]
[Round "4"]
[White "Morales Garcia, Sergio Joshafatt"]
[Black "Borges Matos, Juan R"]
[Result "0-1"]
[WhiteElo "2235"]
[BlackElo "2403"]
[PlyCount "98"]
[EventDate "2022.12.16"]
[EventType "swiss"]
[EventRounds "9"]
[EventCountry "MEX"]
[SourceTitle "CBM 212 Extra"]
[Source "ChessBase"]
[SourceDate "2023.03.31"]
[SourceVersion "1"]
[SourceVersionDate "2023.03.31"]
[SourceQuality "1"]

1. d4 e6 2. c4 d5 3. Nf3 Nf6 4. Nc3 c6 5. Bg5 h6 6. Bxf6 Qxf6 7. e3 Nd7 8. Rc1 g6 9. cxd5 exd5 10. Bd3 Bd6 11. 0-0 0-0 12. e4 dxe4 13. Nxe4 Qe7 14. Re1 Nb6 15. Ng3 Be6 16. Qc2 Bxg3 17. hxg3 Qf6 18. a3 Rfd8 19. Qc3 Nd5 20. Qd2 Kg7 21. Ne5 Rd6 22. Nc4 Rd7 23. Ne5 Re7 24. Bc4 Qg5 25. Qxg5 hxg5 26. Nf3 f6 27. Bxd5 cxd5 28. Rc5 Rae8 29. Rec1 b6 30. Rc6 Bf5 31. Rd6 g4 32. Nh4 Re1+ 33. Rxe1 Rxe1+ 34. Kh2 Be6 35. f4 g5 36. f5 Bc8 37. Rd8 Rc1 38. Ng6 Bxf5 39. Ne7 Be4 40. Rd7 Rc2 41. Kg1 Kf7 42. Rxa7 Ke6 43. Kf1 Rxg2 44. Nc8 Rxg3 45. Re7+ Kf5 46. Nxb6 Rd3 47. a4 g3 48. Nc8 g2+ 49. Kf2 Rd2+ 0-1

[Event "La Habana Isla"]
[Site "La Habana"]
[Date "2022.11.01"]
[Round "1"]
[White "Borges Matos, Juan R"]
[Black "Villalba Velazquez, Ander Ivan"]
[Result "1/2-1/2"]
[WhiteElo "2405"]
[BlackElo "2106"]
[PlyCount "27"]
[EventDate "2022.11.01"]
[EventType "tourn"]
[EventRounds "9"]
[EventCountry "CUB"]
[EventCategory "4"]
[SourceTitle "EXT 2024"]
[Source "ChessBase"]
[SourceDate "2023.10.10"]
[SourceVersion "1"]
[SourceVersionDate "2023.10.10"]
[SourceQuality "1"]

1. e4 e5 2. Nf3 Nc6 3. Nc3 Nf6 4. Bc4 Bc5 5. d3 d6 6. Be3 Bb6 7. h3 0-0 8. 0-0 h6 9. a3 Bd7 10. Nd5 Nxd5 11. Bxd5 Kh8 12. Nd2 f5 13. exf5 Bxf5 14. Nc4 1/2-1/2

[Event "Guillermo Garcia Memorial-A"]
[Site "Santa Clara"]
[Date "2022.05.09"]
[Round "9"]
[White "Cardoso Cardoso, Jose Gabriel"]
[Black "Borges Matos, Juan R"]
[Result "1/2-1/2"]
[WhiteElo "2461"]
[BlackElo "2421"]
[PlyCount "22"]
[EventDate "2022.04.30"]
[EventType "tourn"]
[EventRounds "9"]
[EventCountry "CUB"]
[EventCategory "8"]
[SourceTitle "CBM 208 Extra"]
[Source "ChessBase"]
[SourceDate "2022.07.31"]
[SourceVersion "1"]
[SourceVersionDate "2022.07.31"]
[SourceQuality "1"]

1. d4 d5 2. c4 e6 3. Nc3 c6 4. e3 Nf6 5. Nf3 Nbd7 6. Qc2 Bd6 7. Bd3 dxc4 8. Bxc4 b5 9. Bd3 Bb7 10. Ne4 Nxe4 11. Bxe4 Rc8 1/2-1/2

[Event "Holguin Oriental zt"]
[Site "Holguin"]
[Date "2018.11.20"]
[Round "2"]
[White "Borges Matos, Juan R"]
[Black "Alvarez Calzadilla, Jose Avelino"]
[Result "1-0"]
[WhiteElo "2412"]
[BlackElo "2286"]
[PlyCount "87"]
[EventDate "2018.11.19"]
[EventType "tourn"]
[EventRounds "11"]
[EventCountry "CUB"]
[EventCategory "4"]
[SourceTitle "EXT 2021"]
[Source "ChessBase"]
[SourceDate "2020.10.23"]
[SourceVersion "1"]
[SourceVersionDate "2020.10.23"]
[SourceQuality "1"]

1. Nf3 Nf6 2. c4 e6 3. g3 Be7 4. d4 d5 5. Bg2 0-0 6. 0-0 dxc4 7. Qc2 a6 8. a4 Bd7 9. Qxc4 Bc6 10. Nbd2 Qd5 11. Qc2 a5 12. e4 Nxe4 13. Ne5 f5 14. Nxe4 fxe4 15. Be3 Bd6 16. Nxc6 Nxc6 17. Qxe4 Qxe4 18. Bxe4 Ne7 19. Rfe1 Nf5 20. Bxb7 Rab8 21. Ba6 Rxb2 22. Rab1 Ra2 23. Bc4 Rxa4 24. Bxe6+ Kh8 25. Bxf5 Rxf5 26. Bf4 h5 27. Be5 Rb4 28. Rxb4 axb4 29. Bxd6 cxd6 30. Re8+ Kh7 31. Rb8 Rf3 32. Rxb4 Rd3 33. Kf1 Rf3 34. Ke2 Rf6 35. f4 Re6+ 36. Kf3 Kg6 37. Rb7 Kh6 38. Rd7 Kg6 39. d5 Rf6 40. h3 Kh7 41. g4 hxg4+ 42. hxg4 Rh6 43. f5 Rh3+ 44. Kf4 1-0

[Event "Capablanca Memorial op 53rd"]
[Site "Havana"]
[Date "2018.05.15"]
[Round "6"]
[White "Martinez Alcantara, Jose Eduardo"]
[Black "Borges Matos, Juan R"]
[Result "1-0"]
[WhiteElo "2527"]
[BlackElo "2436"]
[PlyCount "91"]
[EventDate "2018.05.09"]
[EventType "swiss"]
[EventRounds "10"]
[EventCountry "CUB"]
[SourceTitle "CBM 184 Extra"]
[Source "ChessBase"]
[SourceDate "2018.06.28"]
[SourceVersion "1"]
[SourceVersionDate "2018.06.28"]
[SourceQuality "1"]

1. e4 e6 2. d4 d5 3. Nc3 Nf6 4. e5 Nfd7 5. f4 c5 6. Nf3 Nc6 7. Be3 a6 8. Qd2 b5 9. Bd3 Qb6 10. Qf2 g6 11. 0-0 Bb7 12. Nd1 Nxd4 13. Nxd4 cxd4 14. Bxd4 Bc5 15. c3 b4 16. Qe3 bxc3 17. bxc3 Bc6 18. a4 Qa5 19. Bc2 Bxd4 20. cxd4 Bb5 21. Rf2 Rc8 22. Ra3 Bc6 23. Ra1 Nb6 24. h4 h5 25. Kh2 Bd7 26. Bd3 Nc4 27. Bxc4 Rxc4 28. Nb2 Rb4 29. Nd3 Rb3 30. Qd2 Qb6 31. Nc5 Rb4 32. a5 Qb5 33. Nxa6 Rc4 34. Nc5 0-0 35. Ra2 Ra8 36. Rb2 Qc6 37. Rb6 Qc8 38. Rf3 Be8 39. Rg3 Rb8 40. Qb2 Ra8 41. Ra3 Bc6 42. Kh3 Kg7 43. a6 Qc7 44. a7 Rc1 45. g3 Rd1 46. Raa6 1-0